Nincs stresszmentes élet

Elmentve itt :
Bibliográfiai részletek
Szerző: Magó Ágnes
További közreműködők: Fáyné Dr. Dombi Alice (Témavezető)
Dokumentumtípus: Szakdolgozat
Megjelent: 2002
Tárgyszavak:
Online Access:http://diploma.bibl.u-szeged.hu/119342
LEADER 00637nta a2200181 i 4500
001 dipl119342
005 20211007081553.0
008 211007s2002 hu om 0|| hun d
040 |a SZTE Diploma Repozitórium  |b hun 
041 |a hun 
100 1 |a Magó Ágnes 
245 1 0 |a Nincs stresszmentes élet  |h [elektronikus dokumentum] /  |c Ágnes Magó 
260 |c 2002 
650 4 |a Pedagógusképzés 
650 4 |a Educational sciences 
650 4 |a Education, general (including training, pedagogy, didactics) 
700 2 |a Fáyné Dr. Dombi Alice  |e ths 
856 4 0 |u http://diploma.bibl.u-szeged.hu/id/eprint/119342/1/2002_mago_agnes.pdf  |z Dokumentum-elérés